01248nam a2200301 a 4500001001200000003000800012006001900020007001500039008004100054010001700095020002800112040002100140035002000161050002900181082001900210100003100229245014700260260003900407300001100446504006600457533015200523650002900675650005500704655002900759710001700788856012600805999001500931ebr10004879CaPaEBRm u cr cn|||||||||010614s2002 ctu sb 001 0 eng  z 2001036309 z0275974812 (alk. paper) aCaPaEBRcCaPaEBR a(OCoLC)7074145214aPN1995.9.M96bF37 2002eb04a791.43/6152211 aFarnsworth, Rodney,d1949-14aThe infernal returnh[electronic resource] :bthe recurrence of the primordial in films of the reaction years, 1977-1983 /cRodney Farnsworth. aWestport, Conn. :bPraeger,c2002. a166 p. aIncludes bibliographical references (p. [151]-161) and index. aElectronic reproduction.bPalo Alto, Calif. :cebrary,d2013.nAvailable via World Wide Web.nAccess may be limited to ebrary affiliated libraries. 0aMyth in motion pictures. 0aMotion picturesxPolitical aspectszUnited States. 7aElectronic books.2local2 aebrary, Inc.40uhttp://site.ebrary.com/lib/rucke/Doc?id=10004879zAn electronic book accessible through the World Wide Web; click to view c3214d3214